[Event "2. Bundesliga Ost 2016/2017"]
[Site "alle Wien"]
[Date "2017.04.02"]
[Round "11"]
[Board "1"]
[White "Penz, Harald"]
[Black "Jankovic, Alojzije"]
[Result "0-1"]
[WhiteElo "2315"]
[BlackElo "2579"]
[PlyCount "64"]
[EventDate "2016.10.15"]
[EventType "team"]
[EventRounds "11"]
[EventCountry "AUT"]
[WhiteTeam "SK Hietzing"]
[BlackTeam "SK Advisory Invest Baden"]

1. e4 c5 2. c3 d5 3. exd5 Qxd5 4. Nf3 Nc6 5. d4 Bf5 6. Be3 Nf6 7. Qb3 cxd4 8.
Bc4 Na5 9. Bxd5 Nxb3 10. axb3 Nxd5 11. Bxd4 f6 12. O-O a6 13. Ra5 e6 14. Re1
O-O-O 15. Nbd2 Nf4 16. Nc4 Nd3 17. Rea1 Bd6 18. Bb6 Bc7 19. Nd4 Bxb6 20. Nxb6+
Kc7 21. Nxf5 exf5 22. Nc4 f4 23. Kf1 Rhe8 24. Rb1 Re6 25. Raa1 Nc5 26. b4 Nd3
27. g3 b5 28. Na3 f3 29. Nc2 Re2 30. Nd4 Rxf2+ 31. Kg1 Rg2+ 32. Kh1 Nf2# 0-1

[Event "2. Bundesliga Ost 2016/2017"]
[Site "alle Wien"]
[Date "2017.04.02"]
[Round "11"]
[Board "2"]
[White "Sharashenidze, Akaki"]
[Black "Janetschek, Karl"]
[Result "0-1"]
[WhiteElo "2343"]
[BlackElo "2184"]
[PlyCount "84"]
[EventDate "2016.10.15"]
[EventType "team"]
[EventRounds "11"]
[EventCountry "AUT"]
[WhiteTeam "SK Advisory Invest Baden"]
[BlackTeam "SK Hietzing"]

1. Nf3 c5 2. g3 g6 3. Bg2 Bg7 4. O-O Nc6 5. c4 e5 6. Nc3 Nge7 7. a3 d6 8. Rb1
a5 9. d3 O-O 10. Ne1 Be6 11. Nc2 d5 12. cxd5 Nxd5 13. Ne3 Nb6 14. Bxc6 bxc6 15.
Na4 Nxa4 16. Qxa4 Qb6 17. Nc4 Qb5 18. Qc2 a4 19. b4 axb3 20. Rxb3 Qa4 21. Be3
Rab8 22. Rfb1 Rb5 23. Kf1 e4 24. Ke1 exd3 25. exd3 Rd8 26. Qa2 h6 27. Qc2 Kh7
28. R1b2 Bxb2 29. Rxb2 Qxc2 30. Rxc2 Rxd3 31. a4 Rbb3 32. Bd2 Rd4 33. Ne3 c4
34. a5 Ra3 35. Bb4 Ra4 36. Bc3 Rd3 37. Ke2 Bf5 38. Nxf5 gxf5 39. Bd2 Kg6 40. h4
h5 41. Bc3 f4 42. Be1 f3+ 0-1

[Event "2. Bundesliga Ost 2016/2017"]
[Site "alle Wien"]
[Date "2017.04.02"]
[Round "11"]
[Board "3"]
[White "Ploner, Ferdinand"]
[Black "Zojer, Stefan"]
[Result "1/2-1/2"]
[WhiteElo "2199"]
[BlackElo "2095"]
[PlyCount "105"]
[EventDate "2016.10.15"]
[EventType "team"]
[EventRounds "11"]
[EventCountry "AUT"]
[WhiteTeam "SK Hietzing"]
[BlackTeam "SK Advisory Invest Baden"]

1. e4 e5 2. Nf3 Nc6 3. c3 d5 4. Qa4 dxe4 5. Nxe5 Nf6 6. Bb5 Bd7 7. Nxc6 bxc6 8.
Bxc6 Bd6 9. Bxd7+ Qxd7 10. Qxd7+ Nxd7 11. h3 Ne5 12. d4 exd3 13. f4 Nd7 14. Kf2
O-O-O 15. Be3 Rhe8 16. Nd2 Nf6 17. Rhe1 Nd5 18. Kf3 Re6 19. Nc4 Nxe3 20. Nxd6+
Rexd6 21. Rxe3 Rb6 22. b3 Rc6 23. c4 Ra6 24. Re7 d2 25. Ke2 d1=Q+ 26. Rxd1
Rxa2+ 27. Ke1 Rxd1+ 28. Kxd1 Rxg2 29. Rxf7 h5 30. f5 Rg3 31. Kc2 Rxh3 32. Rxg7
Rf3 33. Rg5 h4 34. Rh5 h3 35. f6 Kd7 36. f7 Ke7 37. Rh7 Kd6 38. Kb2 h2 39. Ka3
Rxf7 40. Rxh2 Rf6 41. Kb4 Kc6 42. Rh5 Kb7 43. c5 Rg6 44. Ka5 Ra6+ 45. Kb5 Rg6
46. b4 a6+ 47. Ka5 Rg1 48. Ka4 Rg6 49. Rh1 Rf6 50. Ka5 Rf2 51. Ra1 Rc2 52. Ka4
Rh2 53. Rg1 1/2-1/2

[Event "2. Bundesliga Ost 2016/2017"]
[Site "alle Wien"]
[Date "2017.04.02"]
[Round "11"]
[Board "4"]
[White "Dzierzenga, Stefan"]
[Black "Stadler, Peter"]
[Result "1/2-1/2"]
[WhiteElo "2221"]
[BlackElo "2082"]
[PlyCount "67"]
[EventDate "2016.10.15"]
[EventType "team"]
[EventRounds "11"]
[EventCountry "AUT"]
[WhiteTeam "SK Advisory Invest Baden"]
[BlackTeam "SK Hietzing"]

1. e4 c5 2. Nf3 e6 3. d3 Nc6 4. g3 Nf6 5. Bg2 d5 6. Nbd2 Be7 7. O-O Rb8 8. Re1
b5 9. e5 Nd7 10. Nf1 b4 11. h4 a5 12. Bf4 Nb6 13. N1h2 Bd7 14. Ng5 Nd4 15. c3
bxc3 16. bxc3 Ba4 17. Qg4 Nc2 18. Nxe6 fxe6 19. Qxg7 Kd7 20. Ng4 Nxe1 21. Rxe1
Qf8 22. Nf6+ Kc8 23. Qg4 Qf7 24. c4 dxc4 25. dxc4 Bd7 26. Nxd7 Nxd7 27. Qf3 Rb6
28. Qa8+ Nb8 29. Qxa5 Rb4 30. a3 Rb2 31. Qc3 Rb6 32. Qa5 Rb2 33. Qc3 Rb6 34.
Qa5 1/2-1/2

[Event "2. Bundesliga Ost 2016/2017"]
[Site "alle Wien"]
[Date "2017.04.02"]
[Round "11"]
[Board "5"]
[White "Prager, Michael"]
[Black "Ly, Dominik"]
[Result "0-1"]
[WhiteElo "1994"]
[BlackElo "2121"]
[PlyCount "140"]
[EventDate "2016.10.15"]
[EventType "team"]
[EventRounds "11"]
[EventCountry "AUT"]
[WhiteTeam "SK Hietzing"]
[BlackTeam "SK Advisory Invest Baden"]

1. e4 c5 2. Nf3 Nc6 3. d4 cxd4 4. Nxd4 g6 5. c4 Bg7 6. Be3 Nf6 7. Nc3 d6 8. Be2
O-O 9. O-O Bd7 10. Rc1 Nxd4 11. Bxd4 Bc6 12. f3 a5 13. Nd5 Nd7 14. Kh1 Nc5 15.
b3 Bxd5 16. cxd5 Qb6 17. Bxg7 Kxg7 18. Qd4+ f6 19. Rc2 Qb4 20. Qb2 Rfc8 21.
Rfc1 Na4 22. a3 Qb6 23. Qa2 Rxc2 24. Qxc2 Nc5 25. Rb1 Nd7 26. h3 Kf7 27. Rc1
Qe3 28. Bb5 Ne5 29. Qc3 Qf4 30. Re1 g5 31. Qe3 Qg3 32. Rc1 h5 33. Rc3 Rg8 34.
Kg1 g4 35. fxg4 Qxe3+ 36. Rxe3 hxg4 37. Kf2 Rc8 38. h4 Kg6 39. g3 Rc2+ 40. Re2
Rc5 41. a4 f5 42. exf5+ Kxf5 43. Bc4 Nxc4 44. bxc4 Rxc4 45. Rxe7 Rxa4 46. Rxb7
Ra2+ 47. Kg1 a4 48. Rb4 a3 49. Ra4 Ke5 50. h5 Kf5 51. h6 Kg6 52. Rxg4+ Kxh6 53.
Ra4 Kg5 54. g4 Kf6 55. Ra6 Kg5 56. Ra4 Ra1+ 57. Kg2 a2 58. Kh2 Kg6 59. Ra6 Kg5
60. Ra4 Kf6 61. Ra6 Ke5 62. Ra5 Kf4 63. Kg2 Kxg4 64. Ra8 Kf4 65. Ra4+ Ke5 66.
Ra5 Kd4 67. Kh2 Kc4 68. Kg2 Kb3 69. Ra8 Rb1 70. Rb8+ Kc4 0-1

[Event "2. Bundesliga Ost 2016/2017"]
[Site "alle Wien"]
[Date "2017.04.02"]
[Round "11"]
[Board "6"]
[White "Trippold, Denise"]
[Black "Prager, Manfred"]
[Result "1/2-1/2"]
[WhiteElo "2088"]
[BlackElo "1970"]
[PlyCount "123"]
[EventDate "2016.10.15"]
[EventType "team"]
[EventRounds "11"]
[EventCountry "AUT"]
[WhiteTeam "SK Advisory Invest Baden"]
[BlackTeam "SK Hietzing"]

1. d4 Nf6 2. c4 e5 3. dxe5 Ng4 4. Bf4 Nc6 5. Nf3 Bb4+ 6. Nbd2 Qe7 7. e3 Ngxe5
8. Nxe5 Nxe5 9. Be2 b6 10. O-O Bxd2 11. Qxd2 Bb7 12. Bg3 d6 13. Rac1 O-O 14.
Rfd1 Nd7 15. Bf1 a5 16. b3 Rfe8 17. Re1 f5 18. f3 Nc5 19. Bf2 Qg5 20. Kh1 Re6
21. Qc3 Rg6 22. Qd4 Qh5 23. Qd1 Rf8 24. Rb1 Rh6 25. Bg1 Qh4 26. Qd4 Qg3 27. Qf4
Qg6 28. Qd4 Ne6 29. Qd2 Qg3 30. Rb2 Nc5 31. Qf2 Qe5 32. a3 Qc3 33. Reb1 Nd3 34.
Qc2 Qxc2 35. Rxc2 Ne5 36. b4 axb4 37. axb4 Ra8 38. c5 dxc5 39. bxc5 Rg6 40. Be2
Ra3 41. Rcb2 Nd7 42. Bc4+ Kf8 43. e4 fxe4 44. fxe4 Bxe4 45. Re1 Bd3 46. Be6
Nxc5 47. Bxc5+ bxc5 48. Rb8+ Ke7 49. Bf5+ Kf7 50. Bxg6+ Kxg6 51. Rb7 Ra6 52.
Rxc7 c4 53. h3 Kf6 54. Kh2 g5 55. Kg3 Rb6 56. Rc8 Rd6 57. Rf8+ Kg7 58. Rc8 Kf6
59. h4 gxh4+ 60. Kxh4 Rd4+ 61. Kg3 Rd6 62. Rf8+ 1/2-1/2

[Event "2. Bundesliga Ost 2016/2017"]
[Site "alle Wien"]
[Date "2017.04.02"]
[Round "11"]
[Board "1"]
[White "Stanec, Nikolaus"]
[Black "Mazur, Stefan"]
[Result "1-0"]
[WhiteElo "2444"]
[BlackElo "2446"]
[PlyCount "147"]
[EventDate "2016.10.15"]
[EventType "team"]
[EventRounds "11"]
[EventCountry "AUT"]
[WhiteTeam "SC Donaustadt"]
[BlackTeam "SK Austria"]

1. d4 Nf6 2. Nf3 g6 3. Bf4 Bg7 4. e3 d6 5. h3 O-O 6. Be2 c5 7. c3 Qb6 8. Qb3
Be6 9. Qxb6 axb6 10. a3 Nc6 11. Nbd2 h6 12. O-O Rfc8 13. Bh2 Na5 14. Rac1 d5
15. Ne5 Ne8 16. Nd3 Bf5 17. Nf4 Nf6 18. Bf3 e6 19. g4 Be4 20. Nxe4 Nxe4 21.
Bxe4 dxe4 22. dxc5 bxc5 23. Rc2 Nc4 24. Ne2 Rd8 25. Kg2 Rd3 26. a4 Nd2 27. Ra1
Nb3 28. Ra3 c4 29. Nd4 Bf8 30. Ra2 Rd1 31. f3 exf3+ 32. Kxf3 Bc5 33. Bc7 e5 34.
Bxe5 Re8 35. Bf4 g5 36. Bg3 Rd3 37. Nf5 Bxe3 38. Kg2 Bf4 39. Bxf4 gxf4 40. Rf2
h5 41. a5 Nc5 42. Rxf4 Re2+ 43. Rf2 Rxf2+ 44. Kxf2 Rxh3 45. gxh5 Nd3+ 46. Kg1
Rxh5 47. Nd6 Nc5 48. Nxb7 Na6 49. Nd6 Rc5 50. Ra4 Kf8 51. Nxc4 Ke7 52. Nb6 Kd6
53. c4 Rg5+ 54. Kf2 Kc5 55. Nd5 Rh5 56. Nf4 Rh2+ 57. Ke3 Nb4 58. b3 Rh6 59.
Nd3+ Nxd3 60. Kxd3 Rh3+ 61. Kc2 Kd4 62. a6 Rh2+ 63. Kb1 Kc3 64. Ra5 Kxb3 65.
Rb5+ Kc3 66. a7 Rh1+ 67. Ka2 Rh2+ 68. Ka3 Rh1 69. Rb3+ Kxc4 70. Ka4 Rh8 71. Rb8
Rh1 72. Rc8+ Kd4 73. a8=Q Ra1+ 74. Kb3 1-0

[Event "2. Bundesliga Ost 2016/2017"]
[Site "alle Wien"]
[Date "2017.04.02"]
[Round "11"]
[Board "2"]
[White "Hangweyrer, Manfred"]
[Black "Kummer, Helmut"]
[Result "1/2-1/2"]
[WhiteElo "2384"]
[BlackElo "2299"]
[PlyCount "108"]
[EventDate "2016.10.15"]
[EventType "team"]
[EventRounds "11"]
[EventCountry "AUT"]
[WhiteTeam "SK Austria"]
[BlackTeam "SC Donaustadt"]

1. e4 e5 2. Nf3 Nc6 3. Nc3 Nf6 4. g3 Be7 5. Bg2 O-O 6. d4 d6 7. h3 exd4 8. Nxd4
Bd7 9. Nde2 a6 10. a4 Rb8 11. a5 Re8 12. O-O Bf8 13. Bg5 h6 14. Bxf6 Qxf6 15.
Nf4 Qd4 16. Nd3 Ne5 17. Nxe5 Qxe5 18. Kh2 Bc6 19. Qd2 Rbd8 20. Nd5 Bxd5 21.
exd5 Qf5 22. Ra4 g6 23. Rb4 Rb8 24. h4 h5 25. c3 Bg7 26. Re1 Rxe1 27. Qxe1 Bf8
28. Qe3 Qc8 29. Bh3 Qd8 30. Qa7 b6 31. axb6 Rxb6 32. Rxb6 cxb6 33. Qxa6 Qc7 34.
Qd3 Bh6 35. Bf1 Qc8 36. Kg2 Bg7 37. Be2 Kf8 38. Qe4 Qc7 39. Bd3 Bf6 40. f4 Kg7
41. f5 Qe7 42. fxg6 Qxe4+ 43. Bxe4 fxg6 44. Kf3 Kf7 45. Bc2 Kg7 46. Bd1 Kf7 47.
Ke4 Be5 48. g4 hxg4 49. Bxg4 Bf6 50. h5 gxh5 51. Bxh5+ Ke7 52. Kd3 Kd7 53. Kc4
Kc7 54. Be8 Bh4 1/2-1/2

[Event "2. Bundesliga Ost 2016/2017"]
[Site "alle Wien"]
[Date "2017.04.02"]
[Round "11"]
[Board "3"]
[White "Pingitzer, Harald"]
[Black "Theissl-Pokorna, Regina"]
[Result "1-0"]
[WhiteElo "2314"]
[BlackElo "2324"]
[PlyCount "61"]
[EventDate "2016.10.15"]
[EventType "team"]
[EventRounds "11"]
[EventCountry "AUT"]
[WhiteTeam "SC Donaustadt"]
[BlackTeam "SK Austria"]

1. e4 e5 2. Nf3 Nc6 3. d4 exd4 4. Bc4 Bc5 5. c3 Nf6 6. cxd4 Bb4+ 7. Nc3 d5 8.
exd5 Nxd5 9. O-O Nxc3 10. bxc3 Be7 11. Ng5 Bxg5 12. Qh5 O-O 13. Bxg5 Qd6 14.
Rfe1 Qg6 15. Qh4 Bf5 16. Re3 Na5 17. Bf1 Rfe8 18. Rae1 f6 19. Bf4 Rxe3 20. Rxe3
Qf7 21. Qg3 c6 22. Bd6 Re8 23. Bb4 b6 24. Bxa5 bxa5 25. Bc4 Qxc4 26. Rxe8+ Kf7
27. Ra8 Qxa2 28. Rxa7+ Ke6 29. h3 Qb1+ 30. Kh2 Qb6 31. Qxg7 1-0

[Event "2. Bundesliga Ost 2016/2017"]
[Site "alle Wien"]
[Date "2017.04.02"]
[Round "11"]
[Board "4"]
[White "Sardy, Peter"]
[Black "Schwab, Lukas"]
[Result "1-0"]
[WhiteElo "2348"]
[BlackElo "2087"]
[PlyCount "63"]
[EventDate "2016.10.15"]
[EventType "team"]
[EventRounds "11"]
[EventCountry "AUT"]
[WhiteTeam "SK Austria"]
[BlackTeam "SC Donaustadt"]

1. e4 e5 2. Nf3 Nc6 3. Bb5 a6 4. Ba4 Nf6 5. Nc3 b5 6. Bb3 Be7 7. O-O O-O 8. d3
d6 9. a4 b4 10. Nd5 Rb8 11. a5 Bg4 12. Be3 Ne8 13. Ba4 Bd7 14. Nd2 f5 15. exf5
Rxf5 16. Qg4 Rf8 17. Qc4 Nxa5 18. Nxe7+ Kh8 19. Qh4 Bxa4 20. Ng6+ Kg8 21. Qxd8
Rxd8 22. Nxf8 Bxc2 23. Ne6 Rb8 24. Rxa5 Bxd3 25. Rc1 c5 26. f4 e4 27. f5 Nf6
28. Nf4 Ng4 29. Nxd3 Nxe3 30. Nxe4 Nxf5 31. Rxa6 Nd4 32. Rca1 1-0

[Event "2. Bundesliga Ost 2016/2017"]
[Site "alle Wien"]
[Date "2017.04.02"]
[Round "11"]
[Board "5"]
[White "Schwab, Rene"]
[Black "Nagy, Bence"]
[Result "0-1"]
[WhiteElo "2194"]
[BlackElo "2305"]
[PlyCount "52"]
[EventDate "2016.10.15"]
[EventType "team"]
[EventRounds "11"]
[EventCountry "AUT"]
[WhiteTeam "SC Donaustadt"]
[BlackTeam "SK Austria"]

1. e4 e6 2. d4 d5 3. exd5 exd5 4. Bf4 Bd6 5. Qf3 Nf6 6. Bd3 O-O 7. h3 c5 8.
dxc5 Bxf4 9. Qxf4 Nbd7 10. b4 a5 11. c3 axb4 12. cxb4 b6 13. cxb6 Re8+ 14. Kf1
Qxb6 15. Nf3 Ne4 16. Nfd2 Qd4 17. Nb3 Qxd3+ 18. Kg1 Ne5 19. f3 Rxa2 20. Rxa2
Qxb1+ 21. Nc1 Nd3 22. Qc7 Qxc1+ 23. Qxc1 Nxc1 24. Rc2 Ng3 25. Rh2 Nd3 26. h4
Re1# 0-1

[Event "2. Bundesliga Ost 2016/2017"]
[Site "alle Wien"]
[Date "2017.04.02"]
[Round "11"]
[Board "1"]
[White "Videki, Sandor"]
[Black "Lipka, Juraj"]
[Result "1/2-1/2"]
[WhiteElo "2421"]
[BlackElo "2421"]
[PlyCount "89"]
[EventDate "2016.10.15"]
[EventType "team"]
[EventRounds "11"]
[EventCountry "AUT"]
[WhiteTeam "SC Data Technology Pressbaum/E."]
[BlackTeam "ASVOE Pamhagen"]

1. d4 d5 2. c4 c6 3. Nf3 dxc4 4. e3 b5 5. a4 e6 6. axb5 cxb5 7. b3 Bb4+ 8. Bd2
Bxd2+ 9. Nbxd2 a5 10. bxc4 b4 11. Bd3 Nf6 12. Qc2 Nbd7 13. O-O O-O 14. c5 Ba6
15. Nc4 Bb5 16. Ng5 h6 17. Ne4 Nxe4 18. Bxe4 Ra6 19. Rfb1 Nf6 20. Bb7 Bxc4 21.
Qxc4 Ra7 22. Bf3 Qc7 23. g3 Rd8 24. Ra2 Nd5 25. Bxd5 exd5 26. Qb3 Qc6 27. Ra4
Qb5 28. Rba1 Qc4 29. Qb2 Rda8 30. Rc1 Qb5 31. Qb3 Rc8 32. Kg2 g6 33. h4 h5 34.
Rca1 Qc4 35. Qb2 Rca8 36. Rc1 Qb5 37. Qb3 Rc8 38. Rc2 Kg7 39. Rc1 Kg8 40. Kg1
Kg7 41. Rc2 Kg8 42. Kg2 Kg7 43. Rca2 Qc4 44. Qb1 Rca8 45. Rc2 1/2-1/2

[Event "2. Bundesliga Ost 2016/2017"]
[Site "alle Wien"]
[Date "2017.04.02"]
[Round "11"]
[Board "2"]
[White "Maslik, Miroslav"]
[Black "Rumpl, Erwin"]
[Result "1-0"]
[WhiteElo "2355"]
[BlackElo "2317"]
[PlyCount "73"]
[EventDate "2016.10.15"]
[EventType "team"]
[EventRounds "11"]
[EventCountry "AUT"]
[WhiteTeam "ASVOE Pamhagen"]
[BlackTeam "SC Data Technology Pressbaum/E."]

1. d4 Nf6 2. Bg5 d5 3. e3 e6 4. c4 Be7 5. Nc3 O-O 6. cxd5 Nxd5 7. Bxe7 Qxe7 8.
Rc1 c6 9. Bd3 Nxc3 10. Rxc3 e5 11. dxe5 Qxe5 12. Nf3 Qe7 13. O-O Nd7 14. Qa4
Ne5 15. Nxe5 Qxe5 16. Qc2 g6 17. Rc5 Qe7 18. e4 Bd7 19. f4 b6 20. Rc3 c5 21. e5
Rac8 22. Qe2 Rfe8 23. Bc4 Be6 24. Re3 Bxc4 25. Qxc4 Rcd8 26. f5 Rd4 27. Qe2 Qb7
28. e6 fxe6 29. fxg6 hxg6 30. Rxe6 Rxe6 31. Qxe6+ Kg7 32. Qe5+ Kh7 33. Rf3 Rd1+
34. Kf2 Rd5 35. Rh3+ Kg8 36. Rh8+ Kf7 37. Rh7+ 1-0

[Event "2. Bundesliga Ost 2016/2017"]
[Site "alle Wien"]
[Date "2017.04.02"]
[Round "11"]
[Board "3"]
[White "Neumeier, Klaus"]
[Black "Horvath, Dominik"]
[Result "1/2-1/2"]
[WhiteElo "2286"]
[BlackElo "2269"]
[PlyCount "40"]
[EventDate "2016.10.15"]
[EventType "team"]
[EventRounds "11"]
[EventCountry "AUT"]
[WhiteTeam "SC Data Technology Pressbaum/E."]
[BlackTeam "ASVOE Pamhagen"]

1. Nf3 d5 2. g3 g6 3. Bg2 Bg7 4. d4 e6 5. O-O Ne7 6. Nbd2 Nbc6 7. c3 e5 8. dxe5
Nxe5 9. Nxe5 Bxe5 10. e4 Be6 11. exd5 Bxd5 12. Bxd5 Qxd5 13. Nf3 Bg7 14. Qxd5
Nxd5 15. Re1+ Kf8 16. Bd2 Bf6 17. Bh6+ Bg7 18. Bd2 Bf6 19. Bh6+ Bg7 20. Bd2 Bf6
 1/2-1/2

[Event "2. Bundesliga Ost 2016/2017"]
[Site "alle Wien"]
[Date "2017.04.02"]
[Round "11"]
[Board "4"]
[White "Vitouch, Anatol"]
[Black "Hechl, Gerald"]
[Result "1/2-1/2"]
[WhiteElo "2320"]
[BlackElo "2251"]
[PlyCount "26"]
[EventDate "2016.10.15"]
[EventType "team"]
[EventRounds "11"]
[EventCountry "AUT"]
[WhiteTeam "ASVOE Pamhagen"]
[BlackTeam "SC Data Technology Pressbaum/E."]

1. g3 e5 2. c4 Nf6 3. Bg2 d5 4. cxd5 Nxd5 5. Nc3 Nb6 6. Nf3 Nc6 7. O-O Be7 8.
Rb1 g5 9. b4 g4 10. Ne1 Nxb4 11. Nc2 Nc6 12. Bxc6+ bxc6 13. d4 f6 1/2-1/2

[Event "2. Bundesliga Ost 2016/2017"]
[Site "alle Wien"]
[Date "2017.04.02"]
[Round "11"]
[Board "5"]
[White "Lucaci, Marius"]
[Black "Alvir, Aco"]
[Result "1/2-1/2"]
[WhiteElo "2168"]
[BlackElo "2359"]
[PlyCount "73"]
[EventDate "2016.10.15"]
[EventType "team"]
[EventRounds "11"]
[EventCountry "AUT"]
[WhiteTeam "SC Data Technology Pressbaum/E."]
[BlackTeam "ASVOE Pamhagen"]

1. e4 g6 2. d4 Bg7 3. Nc3 c5 4. Nf3 cxd4 5. Nxd4 Nc6 6. Be3 Nf6 7. Be2 O-O 8.
O-O d5 9. exd5 Nxd5 10. Nxd5 Qxd5 11. Bf3 Qc4 12. Nxc6 bxc6 13. c3 Be6 14. b3
Qa6 15. Qe2 Qxe2 16. Bxe2 a5 17. Rac1 a4 18. c4 axb3 19. axb3 Rfb8 20. Bf3 Rxb3
21. Bxc6 Rc8 22. Bd5 Bxd5 23. cxd5 Rxc1 24. Rxc1 Be5 25. Bh6 Rb8 26. Kf1 f5 27.
Ke2 Kf7 28. g3 Rb2+ 29. Kf3 Rb5 30. Rd1 Ke8 31. h4 Kd7 32. Rd3 Kd6 33. Bg5 Rc5
34. Bd2 Rxd5 35. Bb4+ Ke6 36. Rxd5 Kxd5 37. Bxe7 1/2-1/2

[Event "2. Bundesliga Ost 2016/2017"]
[Site "alle Wien"]
[Date "2017.04.02"]
[Round "11"]
[Board "6"]
[White "Kuthan, Andreas"]
[Black "Hudec, Marcus"]
[Result "1-0"]
[WhiteElo "2208"]
[BlackElo "2046"]
[PlyCount "67"]
[EventDate "2016.10.15"]
[EventType "team"]
[EventRounds "11"]
[EventCountry "AUT"]
[WhiteTeam "ASVOE Pamhagen"]
[BlackTeam "SC Data Technology Pressbaum/E."]

1. e4 c5 2. c3 d5 3. exd5 Qxd5 4. d4 Nc6 5. Nf3 Bg4 6. Be2 e6 7. O-O Nf6 8. h3
Bh5 9. Be3 cxd4 10. cxd4 Be7 11. Nc3 Qa5 12. Qb3 Qb4 13. g4 Bg6 14. g5 Qxb3 15.
axb3 Ne4 16. Bc4 O-O 17. d5 exd5 18. Bxd5 Nc5 19. Nh4 Bd3 20. Rfd1 Nb4 21. Ra5
b6 22. Bxa8 Rxa8 23. Raa1 h6 24. Nf3 Nxb3 25. Ra4 Bc2 26. Rd7 Bc5 27. Raxa7
Rxa7 28. Rxa7 Nd3 29. gxh6 Nxb2 30. Ra2 Bxe3 31. Rxb2 Nd4 32. Nxd4 Bxd4 33.
Rxc2 gxh6 34. Nd5 1-0

[Event "2. Bundesliga Ost 2016/2017"]
[Site "alle Wien"]
[Date "2017.04.02"]
[Round "11"]
[Board "1"]
[White "Szabo, Krisztian"]
[Black "Rubil, Marko"]
[Result "1/2-1/2"]
[WhiteElo "2510"]
[BlackElo "2306"]
[PlyCount "73"]
[EventDate "2016.10.15"]
[EventType "team"]
[EventRounds "11"]
[EventCountry "AUT"]
[WhiteTeam "ASVOE Mattersburg"]
[BlackTeam "SZ Favoriten"]

1. e4 e5 2. Nf3 Nc6 3. Bb5 a6 4. Ba4 Nf6 5. O-O Be7 6. Re1 b5 7. Bb3 d6 8. c3
O-O 9. h3 Na5 10. Bc2 c5 11. d4 Qc7 12. Nbd2 Nc6 13. d5 Nd8 14. a4 Rb8 15. b4
Nb7 16. a5 Ne8 17. Nf1 g6 18. Bh6 Ng7 19. g4 Nd8 20. Ng3 f6 21. Qd2 Nf7 22. Be3
Kh8 23. Kg2 Rg8 24. Kh2 Qd7 25. Rh1 Bb7 26. Rac1 c4 27. Rcg1 Rbf8 28. Rg2 Qd8
29. Rf1 Qa8 30. Rd1 Bc8 31. Bb1 Bd7 32. Rdg1 Qd8 33. Ne1 Qc8 34. Qc2 Qe8 35. f3
h5 36. gxh5 g5 37. h4 1/2-1/2

[Event "2. Bundesliga Ost 2016/2017"]
[Site "alle Wien"]
[Date "2017.04.02"]
[Round "11"]
[Board "2"]
[White "Steiner, Bruno"]
[Black "Certek, Pavel"]
[Result "1-0"]
[WhiteElo "2166"]
[BlackElo "2249"]
[PlyCount "59"]
[EventDate "2016.10.15"]
[EventType "team"]
[EventRounds "11"]
[EventCountry "AUT"]
[WhiteTeam "SZ Favoriten"]
[BlackTeam "ASVOE Mattersburg"]

1. d4 d5 2. c4 dxc4 3. e4 c5 4. d5 e5 5. Bxc4 Bd6 6. Nc3 Nf6 7. Nge2 a6 8. a4
Nbd7 9. O-O O-O 10. f3 Re8 11. Be3 b6 12. Qd2 Nf8 13. Kh1 Ng6 14. b3 Bd7 15. g3
h6 16. Qd3 Bc8 17. Rg1 Qe7 18. Raf1 Ra7 19. Bc1 Kh8 20. Nd1 Qd8 21. Nec3 Ne7
22. Ne3 Qd7 23. g4 Ng6 24. Nf5 Nf4 25. Qd1 Bf8 26. Bxf4 exf4 27. g5 hxg5 28.
Rxg5 g6 29. Qe1 Nh7 30. Rfg1 1-0

[Event "2. Bundesliga Ost 2016/2017"]
[Site "alle Wien"]
[Date "2017.04.02"]
[Round "11"]
[Board "3"]
[White "Petran, Peter"]
[Black "Chulis, Alexander"]
[Result "1-0"]
[WhiteElo "2306"]
[BlackElo "2157"]
[PlyCount "75"]
[EventDate "2016.10.15"]
[EventType "team"]
[EventRounds "11"]
[EventCountry "AUT"]
[WhiteTeam "ASVOE Mattersburg"]
[BlackTeam "SZ Favoriten"]

1. g3 d5 2. Bg2 c6 3. Nf3 Bf5 4. d3 Nf6 5. Nbd2 h6 6. b3 e6 7. Bb2 Be7 8. O-O
O-O 9. c4 a5 10. a3 c5 11. cxd5 exd5 12. Ne5 a4 13. bxa4 Nc6 14. Nxc6 bxc6 15.
e4 Bg4 16. Qc2 Qa5 17. Rfe1 Be6 18. f4 Ra7 19. Rac1 c4 20. e5 Qb6+ 21. d4 Nd7
22. Bc3 g6 23. a5 Qc7 24. Nf1 c5 25. Ne3 cxd4 26. Bxd4 Bc5 27. Rcd1 Bxd4 28.
Rxd4 Qc5 29. Red1 Rxa5 30. Bxd5 Bxd5 31. Nxd5 Nb6 32. Nxb6 Qxb6 33. Qxc4 Rxa3
34. Kg2 Ra7 35. Rd6 Qb7+ 36. Kh3 Ra3 37. Rxg6+ Kh7 38. Qc6 1-0

[Event "2. Bundesliga Ost 2016/2017"]
[Site "alle Wien"]
[Date "2017.04.02"]
[Round "11"]
[Board "4"]
[White "Miazhynski, Yuri"]
[Black "Brod, Manfred"]
[Result "1/2-1/2"]
[WhiteElo "2059"]
[BlackElo "2277"]
[PlyCount "42"]
[EventDate "2016.10.15"]
[EventType "team"]
[EventRounds "11"]
[EventCountry "AUT"]
[WhiteTeam "SZ Favoriten"]
[BlackTeam "ASVOE Mattersburg"]

1. e4 e6 2. Nf3 d5 3. e5 c5 4. b4 cxb4 5. a3 d4 6. axb4 Bxb4 7. c3 dxc3 8. Qa4+
Nc6 9. dxc3 Bf8 10. Bb5 Bd7 11. O-O a6 12. Rd1 Qc7 13. Qe4 Nge7 14. Bf4 Ng6 15.
Bg3 Ra7 16. Bd3 b5 17. h4 Bc5 18. h5 Nge7 19. Qg4 g6 20. Nbd2 Nd5 21. Ne4 Nce7
 1/2-1/2

[Event "2. Bundesliga Ost 2016/2017"]
[Site "alle Wien"]
[Date "2017.04.02"]
[Round "11"]
[Board "5"]
[White "Salamon, Werner"]
[Black "Albadri, Samer"]
[Result "1-0"]
[WhiteElo "2157"]
[BlackElo "1956"]
[PlyCount "55"]
[EventDate "2016.10.15"]
[EventType "team"]
[EventRounds "11"]
[EventCountry "AUT"]
[WhiteTeam "ASVOE Mattersburg"]
[BlackTeam "SZ Favoriten"]

1. e4 c6 2. d4 d5 3. exd5 cxd5 4. Bd3 Nc6 5. c3 Qc7 6. Ne2 Bg4 7. O-O e6 8. Qe1
Bd6 9. h3 Bxe2 10. Qxe2 Nf6 11. Be3 O-O 12. Nd2 a6 13. Rfc1 b5 14. a4 Na7 15.
axb5 axb5 16. b4 Rfb8 17. Nb3 Rb7 18. Nc5 Bxc5 19. bxc5 b4 20. Ba6 Rbb8 21.
cxb4 Rxb4 22. c6 Rb6 23. Bb7 Rxb7 24. cxb7 Qxb7 25. Qa6 Qd7 26. Rcb1 Ne8 27.
Qb7 Nc7 28. Rxa7 1-0

[Event "2. Bundesliga Ost 2016/2017"]
[Site "alle Wien"]
[Date "2017.04.02"]
[Round "11"]
[Board "6"]
[White "Boelzlbauer, Wolfgang"]
[Black "Strodl, Joachim"]
[Result "0-1"]
[WhiteElo "1951"]
[BlackElo "2138"]
[PlyCount "74"]
[EventDate "2016.10.15"]
[EventType "team"]
[EventRounds "11"]
[EventCountry "AUT"]
[WhiteTeam "SZ Favoriten"]
[BlackTeam "ASVOE Mattersburg"]

1. e4 g6 2. d4 Bg7 3. f4 d6 4. Nf3 a6 5. Bc4 e6 6. O-O Ne7 7. Be3 b5 8. Bb3 O-O
9. c3 Nd7 10. Qe1 Nf6 11. Nbd2 Bb7 12. Qh4 Bxe4 13. Nxe4 Nxe4 14. f5 exf5 15.
Ng5 Nf6 16. Rf3 h5 17. Re1 Ned5 18. Nxf7 Rxf7 19. Bg5 c6 20. c4 bxc4 21. Bxc4
Qb6 22. Rb3 Qa5 23. Re6 Raf8 24. h3 Qxa2 25. Rxd6 Qa4 26. Bxf6 Bxf6 27. Rxf6
Rxf6 28. Bxd5+ cxd5 29. Rb7 Qc6 30. Re7 Qc1+ 31. Kh2 Qd2 32. b3 R8f7 33. Re8+
Kg7 34. Rd8 Re6 35. Rxd5 Re2 36. Qg3 h4 37. Qf3 Rf2 0-1